Sports Quiz

Random Sports or MLB Quiz

MLB Odd One Out: 2014 AL Leaders Quiz Stats

 Plays Quiz not verified by Sporcle

Score 0/24 Timer 06:00
0 Plays Today
Players Odd One Out % Correct
BATTING AVERAGE
A. Jose Altuve
B. Michael Brantley
C. Howie Kendrick
D. Victor Martinez
???
87.4%
CY YOUNG VOTING
A. Felix Hernandez
B. Corey Kluber
C. Jon Lester
D. Chris Sale
???
87%
PITCHING WAR
A. Alex Cobb
B. Felix Hernandez
C. Corey Kluber
D. Chris Sale
???
86.5%
E.R.A.
A. Felix Hernandez
B. Corey Kluber
C. Chris Sale
D. Yordano Ventura
???
81.4%
RUNS
A. Miguel Cabrera
B. Brian Dozier
C. Albert Pujols
D. Mike Trout
???
75.3%
SAVES
A. Sean Doolittle
B. Greg Holland
C. David Robertson
D. Fernando Rodney
???
63.3%
STRIKEOUTS
A. Yu Darvish
B. Corey Kluber
C. David Price
D. Max Scherzer
???
63.3%
DOUBLES
A. Jose Altuve
B. Michael Brantley
C. Miguel Cabrera
D. Eric Hosmer
???
61.9%
WAR
A. Adrian Beltre
B. Josh Donaldson
C. Kyle Seager
D. Mike Trout
???
61.4%
HOME RUNS
A. Chris Carter
B. Nelson Cruz
C. Josh Donaldson
D. Mike Trout
???
60%
STOLEN BASES
A. Jose Altuve
B. Michael Brantley
C. Rajai Davis
D. Jacoby Ellsbury
???
60%
INNINGS PITCHED
A. Felix Hernandez
B. Phil Hughes
C. Corey Kluber
D. David Price
???
58.6%
Players Odd One Out % Correct
MVP VOTING
A. Michael Brantley
B. Felix Hernandez
C. Victor Martinez
D. Mike Trout
???
55.3%
RBIS
A. Miguel Cabrera
B. Nelson Cruz
C. Josh Donaldson
D. Mike Trout
???
54.9%
SLUGGING PERCENTAGE
A. Jose Abreu
B. Adrian Beltre
C. Victor Martinez
D. Mike Trout
???
52.6%
STRIKING OUT
A. Chris Carter
B. Chris Davis
C. Austin Jackson
D. Mike Trout
???
41.9%
WINS
A. Corey Kluber
B. Max Scherzer
C. James Shields
D. Jered Weaver
???
41.4%
MANAGER VOTING
A. Terry Francona
B. Mike Sciosia
C. Buck Showalter
D. Ned Yost
???
39.1%
ROOKIE OF THE YEAR VOTING
A. Jose Abreu
B. Dellin Betances
C. Matt Shoemaker
D. George Springer
???
38.6%
LOSSES
A. Clay Buchholz
B. R.A. Dickey
C. Colby Lewis
D. Brett Oberholtzer
???
30.2%
TRIPLES
A. Michael Bourn
B. Adam Eaton
C. Austin Jackson
D. Mike Trout
???
28.4%
WALKS
A. Jose Bautista
B. Brian Dozier
C. Victor Martinez
D. Carlos Santana
???
25.1%
WALKS
A. Sonny Gray
B. Ubaldo Jimenez
C. Justin Verlander
D. C.J. Wilson
???
17.7%
ON BASE PERCENTAGE
A. Jose Bautista
B. Adrian Beltre
C. Miguel Cabrera
D. Victor Martinez
???
10.2%

You're not logged in!

Compare scores with friends on all Sporcle quizzes.
Join for Free
OR
Log In

You Might Also Like...

Show Comments

Extras

Top Quizzes Today


Score Distribution

Your Account Isn't Verified!

In order to create a playlist on Sporcle, you need to verify the email address you used during registration. Go to your Sporcle Settings to finish the process.

Report this User

Report this user for behavior that violates our Community Guidelines.

Details: